| 000 | 00904cam a2200289 i 4500 | ||
|---|---|---|---|
| 999 |
_c3023 _d3023 |
||
| 003 | OSt | ||
| 005 | 20210809094401.0 | ||
| 008 | 800327s1980 cau b 001 0 eng | ||
| 020 | _a0534979874 : | ||
| 040 | _cALUPE UNIVERSITY | ||
| 050 | 1 | 0 |
_aR853 _b.S7 L4 1980 |
| 060 | _aWA950 L477s | ||
| 100 | 1 | _aLee, Elisa T. | |
| 245 | 0 | 0 |
_aStatistical methods for survival data analysis / _cElisa T. Lee. |
| 260 |
_aBelmont, Calif. : _bLifetime Learning Publications, _cc1980. |
||
| 300 |
_axiii, 557 p. : _bgraphs ; _c25 cm. |
||
| 500 | _aIncludes index. | ||
| 504 | _aBibliography: p. 539-552. | ||
| 650 | 0 |
_aMedicine _xResearch _xStatistical methods. |
|
| 650 | 0 | _aFailure time data analysis. | |
| 650 | 0 |
_aPrognosis _xStatistical methods. |
|
| 650 | 2 | _aStatistics. | |
| 650 | 2 | _aResearch. | |
| 650 | 2 | _aClinical trials. | |
| 906 |
_a7 _bcbc _corignew _d1 _eocip _f19 _gy-gencatlg |
||
| 942 |
_2lcc _cBK _nPW |
||